Past 5&6 actual tests for the new toeic test /

Na minha lista:
Detalhes bibliográficos
Autor principal: Lee,Jim
Formato: Livro
Publicado em: HCM : Tổng hợp. 2007
Assuntos:
Tags: Adicionar Tag
Sem tags, seja o primeiro a adicionar uma tag!
Thư viện lưu trữ: Mạng thư viện Đại học Đà Nẵng
LEADER 00850nam a22002651a 4500
001 000038368
003 14663
005 20220609165047.0
008 160412s2007 000
082 |a 425  |b LE-J 
100 |a Lee,Jim 
245 0 |a Past 5&6 actual tests for the new toeic test /  |c Jim Lee. 
260 |c 2007  |a HCM :  |b Tổng hợp. 
300 |a 174tr. : ;  |c 26cm. 
650 |a new toeic test 
653 |a toeic 
OWN |a LNN 
AVA |a UDN50  |b LNN  |c English  |d 425LE-J  |e available  |t Error 5001 Not defined in file expand_doc_bib_avail.  |f 4  |g 0  |h N  |i 0  |j AN 
999 |a From the UDN01 
AVA |a UDN50  |b LNN  |c English  |d 425LE-J  |e available  |t Error 5001 Not defined in file expand_doc_bib_avail.  |f 4  |g 0  |h N  |i 0  |j AN 
TYP |a Monograph 
980 |a Mạng thư viện Đại học Đà Nẵng